[Event "BCF-chT4 2223 (4NCL)"]
[Site "England"]
[Date "2023.05.01"]
[Round "11.124"]
[White "Mohan, Meghana"]
[Black "Breed, Greg"]
[Result "0-1"]
[WhiteElo "1515"]
[BlackElo "1782"]
[PlyCount "72"]
[EventDate "2022.11.05"]
[EventType "team-swiss"]
[EventRounds "11"]
[EventCountry "ENG"]
[SourceTitle "EXT 2024"]
[Source "ChessBase"]
[SourceDate "2023.10.10"]
[SourceVersion "1"]
[SourceVersionDate "2023.10.10"]
[SourceQuality "1"]
[WhiteTeam "She Plays To Win Uni"]
[BlackTeam "Cambridge University III"]
[WhiteTeamCountry "ENG"]
[BlackTeamCountry "ENG"]

1. Nf3 d5 2. d4 Nf6 3. c4 e6 4. g3 c6 5. Bg2 Bb4+ 6. Bd2 Qa5 7. 0-0 0-0 8. Nc3 Nbd7 9. Re1 dxc4 10. e4 b5 11. Bg5 Bxc3 12. bxc3 Qxc3 13. a4 Qb4 14. axb5 cxb5 15. e5 Nd5 16. Rb1 Qa5 17. Ra1 Qb6 18. Qc1 Bb7 19. Re4 Nc3 20. Re1 b4 21. Be3 Bd5 22. Nd2 Qc6 23. Bxd5 Qxd5 24. Nb1 Nxb1 25. Rxb1 a5 26. Re2 Nb6 27. Bd2 Qxd4 28. Bxb4 axb4 29. Rxb4 Ra1 30. Rb1 Rxb1 31. Qxb1 Qd3 32. Rc2 Nd7 33. Qa2 Nxe5 34. Re2 Qd1+ 35. Kg2 Qd5+ 36. Kf1 Qh1# 0-1

[Event "BCF-chT4 2223 (4NCL)"]
[Site "England"]
[Date "2023.04.30"]
[Round "10.134"]
[White "Breed, Greg"]
[Black "Kent, Rowan"]
[Result "1-0"]
[WhiteElo "1782"]
[BlackElo "1582"]
[PlyCount "71"]
[EventDate "2022.11.05"]
[EventType "team-swiss"]
[EventRounds "11"]
[EventCountry "ENG"]
[SourceTitle "EXT 2024"]
[Source "ChessBase"]
[SourceDate "2023.10.10"]
[SourceVersion "1"]
[SourceVersionDate "2023.10.10"]
[SourceQuality "1"]
[WhiteTeam "Cambridge University III"]
[BlackTeam "Iceni III"]
[WhiteTeamCountry "ENG"]
[BlackTeamCountry "ENG"]

1. d4 Nf6 2. c4 g6 3. Nf3 d6 4. Nc3 Nbd7 5. e4 e5 6. dxe5 dxe5 7. Bd3 c6 8. 0-0 Qc7 9. h3 Bg7 10. Be3 0-0 11. c5 h6 12. Rc1 Rd8 13. Qc2 Nf8 14. Rfd1 Be6 15. b4 Kh7 16. b5 g5 17. g4 Ng6 18. Bf1 Bf8 19. a4 Rac8 20. b6 axb6 21. cxb6 Qe7 22. a5 Ra8 23. Rxd8 Qxd8 24. a6 Qc8 25. a7 Nd7 26. Na4 Qd8 27. Rd1 Qe7 28. Bc4 Bxc4 29. Qxc4 Nf4 30. Kh2 Ne6 31. Kg3 f6 32. h4 Kg7 33. hxg5 fxg5 34. Qc3 Nf4 35. Qb2 Kg6 36. Rxd7 1-0

[Event "BCF-chT4 2223 (4NCL)"]
[Site "England"]
[Date "2023.01.08"]
[Round "4.123"]
[White "Breed, Greg"]
[Black "Tomy, Jake H"]
[Result "1-0"]
[WhiteElo "1797"]
[BlackElo "1325"]
[PlyCount "115"]
[EventDate "2022.11.05"]
[EventType "team-swiss"]
[EventRounds "11"]
[EventCountry "ENG"]
[SourceTitle "EXT 2024"]
[Source "ChessBase"]
[SourceDate "2023.10.10"]
[SourceVersion "1"]
[SourceVersionDate "2023.10.10"]
[SourceQuality "1"]
[WhiteTeam "Cambridge University III"]
[BlackTeam "Watford II"]
[WhiteTeamCountry "ENG"]
[BlackTeamCountry "ENG"]

1. d4 d5 2. Nf3 Nf6 3. c4 e6 4. Nc3 c5 5. cxd5 Nxd5 6. e4 Nxc3 7. bxc3 Nc6 8. d5 exd5 9. exd5 Ne7 10. c4 a6 11. Be3 Nf5 12. Bf4 Bd6 13. Bxd6 Nxd6 14. Bd3 0-0 15. 0-0 Bg4 16. a4 Qf6 17. Rb1 Qf4 18. Qd2 Qf6 19. Ne1 Bf5 20. Nc2 Qg6 21. Bxf5 Qxf5 22. Ne3 Qe4 23. Rfc1 Rab8 24. Rb6 Rfd8 25. Qc2 Qxc2 26. Rxc2 Nc8 27. Rb3 Nd6 28. a5 Re8 29. f3 f5 30. Kf2 f4 31. Nf1 Re7 32. Rb6 Nc8 33. Rbb2 Nd6 34. g3 g5 35. g4 Kg7 36. Rc1 Rbe8 37. Nd2 Re2+ 38. Kg1 Re1+ 39. Rxe1 Rxe1+ 40. Kf2 Rc1 41. Rb6 Nxc4 42. Rxb7+ Kf8 43. Nxc4 Rxc4 44. Rb6 Rc2+ 45. Ke1 c4 46. Rxa6 c3 47. Rc6 Rc1+ 48. Ke2 Rc2+ 49. Kd3 Rd2+ 50. Ke4 c2 51. a6 Re2+ 52. Kf5 Rd2 53. Ke6 Rxh2 54. Rc8+ Kg7 55. d6 Re2+ 56. Kf5 Kf7 57. a7 Re1 58. Rxc2 1-0

[Event "BCF-chT4S 1718 (4NCL)"]
[Site "England"]
[Date "2018.05.06"]
[Round "10.53"]
[White "Breed, Greg"]
[Black "Adaway, William"]
[Result "1-0"]
[WhiteElo "1755"]
[BlackElo "1862"]
[PlyCount "93"]
[EventDate "2017.11.11"]
[EventType "team-swiss"]
[EventRounds "11"]
[EventCountry "ENG"]
[SourceTitle "EXT 2020"]
[Source "ChessBase"]
[SourceDate "2019.10.17"]
[SourceVersion "1"]
[SourceVersionDate "2019.10.17"]
[SourceQuality "1"]
[WhiteTeam "Cambridge University III"]
[BlackTeam "Wessex II"]
[WhiteTeamCountry "ENG"]
[BlackTeamCountry "ENG"]

1. d4 d5 2. Bf4 Nf6 3. e3 g6 4. Bd3 Bg7 5. Nd2 c6 6. h3 b6 7. Qe2 a5 8. Ngf3 0-0 9. 0-0 Ba6 10. c4 Nbd7 11. Rac1 c5 12. Ne5 Nxe5 13. Bxe5 dxc4 14. Bxc4 Bxc4 15. Rxc4 Nd7 16. Bxg7 Kxg7 17. Ne4 b5 18. Rc2 cxd4 19. exd4 Qb6 20. Nc5 Nxc5 21. dxc5 Qc7 22. Qxb5 Rab8 23. Qe2 Rb4 24. Re1 Rfb8 25. c6 e5 26. Qxe5+ Qxe5 27. Rxe5 Rxb2 28. c7 Rb1+ 29. Kh2 Rc8 30. Rxa5 Rb7 31. Rac5 Ra7 32. Kg3 Kf6 33. Kf4 Ra4+ 34. Ke3 Ke6 35. R5c4 Ra3+ 36. Ke4 f5+ 37. Kf4 h6 38. Rc6+ Kf7 39. Ke5 Rd3 40. Rf6+ Kg7 41. Rd6 Re8+ 42. Re6 Rc8 43. Re7+ Kf8 44. Kf6 Rd6+ 45. Re6 Rd7 46. Rec6 Rg7 47. a4 1-0

[Event "BCF-chT4S 1718 (4NCL)"]
[Site "England"]
[Date "2018.03.25"]
[Round "8.95"]
[White "Breed, Greg"]
[Black "Faizi, Tariq"]
[Result "1/2-1/2"]
[WhiteElo "1755"]
[BlackElo "1456"]
[PlyCount "102"]
[EventDate "2017.11.11"]
[EventType "team-swiss"]
[EventRounds "11"]
[EventCountry "ENG"]
[SourceTitle "EXT 2020"]
[Source "ChessBase"]
[SourceDate "2019.10.17"]
[SourceVersion "1"]
[SourceVersionDate "2019.10.17"]
[SourceQuality "1"]
[WhiteTeam "Cambridge University III"]
[BlackTeam "The Pitstop"]
[WhiteTeamCountry "ENG"]
[BlackTeamCountry "ENG"]

1. d4 d5 2. Bf4 Nf6 3. e3 e6 4. Bd3 c5 5. c3 Qb6 6. Qc1 Nc6 7. Nd2 Bd7 8. Ngf3 Be7 9. h3 Rc8 10. 0-0 cxd4 11. exd4 Na5 12. Ne5 Bb5 13. Rb1 Bxd3 14. Nxd3 Nc4 15. Nxc4 Rxc4 16. Ne5 Rc8 17. Bg5 Qd8 18. Qd1 0-0 19. f4 Ne4 20. Bxe7 Qxe7 21. f5 f6 22. Ng4 Ng3 23. Re1 Nxf5 24. Ne3 Nxe3 25. Rxe3 Qd6 26. Qe2 Rfe8 27. Re1 Rc6 28. h4 Qd7 29. Kh2 Qf7 30. g3 f5 31. Re5 Rd6 32. Qe3 Qg6 33. Qf4 Rb6 34. R1e2 h5 35. Qf3 Rf8 36. Qe3 Rf6 37. Qd3 Qg4 38. Rg2 Rg6 39. Qe3 Ra6 40. a3 Rb6 41. Qe2 Rc6 42. Qxg4 hxg4 43. Rge2 b5 44. Kg2 Kf7 45. Kf2 Rh6 46. Ke3 Kf6 47. Kf4 Rh8 48. Rh2 g6 49. Rhe2 a6 50. Re1 Rhc8 51. R5e3 Rb6 1/2-1/2

[Event "BCF-chT4S 1617 (4NCL)"]
[Site "England"]
[Date "2017.01.14"]
[Round "3.96"]
[White "Breed, Greg"]
[Black "Lawson, Maurice Elliot"]
[Result "0-1"]
[WhiteElo "1757"]
[BlackElo "1940"]
[PlyCount "66"]
[EventDate "2016.11.26"]
[EventType "team-swiss"]
[EventRounds "11"]
[EventCountry "ENG"]
[SourceTitle "EXT 2019"]
[Source "ChessBase"]
[SourceDate "2018.10.10"]
[SourceVersion "1"]
[SourceVersionDate "2018.10.10"]
[SourceQuality "1"]
[WhiteTeam "Cambridge University III"]
[BlackTeam "CSC Rhinos"]
[WhiteTeamCountry "ENG"]
[BlackTeamCountry "ENG"]

1. d4 d5 2. Nf3 Nf6 3. Bf4 c6 4. Nbd2 Bf5 5. e3 Nbd7 6. c4 e6 7. h3 Ne4 8. Qb3 Qb6 9. c5 Nxd2 10. Nxd2 Qxb3 11. axb3 e5 12. Bg3 a6 13. b4 exd4 14. exd4 Be7 15. Nb3 0-0-0 16. Na5 Rde8 17. Kd2 Nb8 18. Bd3 Bxd3 19. Kxd3 Bd8 20. Rhe1 Bc7 21. Bxc7 Kxc7 22. Nb3 Nd7 23. Nd2 Nf6 24. Re5 Nd7 25. Re3 Rxe3+ 26. Kxe3 Re8+ 27. Kf3 Nf6 28. Rd1 Ne4 29. Nb1 Re6 30. Rf1 h6 31. g3 Ng5+ 32. Kg2 Re2 33. Nc3 Rxb2 0-1

[Event "Calvia Amateur op 12th"]
[Site "Calvia"]
[Date "2015.10.15"]
[Round "6"]
[White "Friedrich, Gerhard"]
[Black "Breed, Greg"]
[Result "1/2-1/2"]
[WhiteElo "1940"]
[BlackElo "1755"]
[PlyCount "44"]
[EventDate "2015.10.10"]
[EventType "swiss"]
[EventRounds "9"]
[EventCountry "ESP"]
[SourceTitle "EXT 2019"]
[Source "ChessBase"]
[SourceDate "2018.10.10"]
[SourceVersion "1"]
[SourceVersionDate "2018.10.10"]
[SourceQuality "1"]

1. d4 d5 2. Nf3 Nf6 3. e3 Bg4 4. c4 e6 5. Nc3 c6 6. Be2 Nbd7 7. 0-0 Be7 8. b3 0-0 9. h3 Bh5 10. Bb2 Re8 11. cxd5 exd5 12. Ne5 Bxe2 13. Qxe2 Bd6 14. f4 a6 15. Qf3 Ne4 16. Nxe4 dxe4 17. Qh5 Qe7 18. Rfd1 Nf6 19. Qe2 Ba3 20. Bxa3 Qxa3 21. Nc4 Qe7 22. Rac1 Nd5 1/2-1/2